000 00654 a2200229 4500
999 _c176022
_d176022
003 dpl
005 20201019151850.0
008 200930b ||||| |||| 00| 0 eng d
010 _aENG-128580
020 _a9789350451328
_c300.00
035 _aEN-112112
037 _bD.B.Act / Pub
040 _cNone
082 1 4 _a231.765
100 _4Krishna, Anand
245 1 _aThe Mystery of Creator and Creation/
_cby Anand Krishna
260 _aKolkata
_bWritersworkshopindia
_c2016
270 _a162/92 Lake Gardens
_bCalcutta
_cWest Bengal
_e110045
300 _a104p.
_c22 cm.(pbk)
500 _aIncludes Footnote
942 _adpl
_cEN
_k231.765
_2ddc
_mKRI